Liste des destinations de l'aéroport de Genève - Statistiques

Statistiques générales
  • Ce quiz a été pris 39 fois
  • Le résultat moyen est 52 sur 116
Statistiques - réponses
Compagnie(s) Destination % Correct
Air France Paris - CDG
91%
EasyJet Paris - Orly
91%
British Airways,EasyJet, SWISS, Tui Airways Londres Gatwick
88%
British Airways,SWISS Londres Heathrow
88%
EasyJet Londres Luton
88%
British Airways,EasyJet, Jet 2 Londres Stansted
88%
SWISS New York - JFK
85%
United New York - Newark
85%
Air Algérie Alger
82%
EasyJet,Vueling Barcelone
82%
EasyJet,ITA Airways Rome
82%
EasyJet,SWISS Berlin
79%
EasyJet,Iberia Madrid
79%
SWISS Zurich
79%
Brussels Airlines,EasyJet, SWISS Bruxelles
76%
EasyJet Bordeaux
74%
EasyJet,SWISS Nice
74%
NouvelAir,Tunisair Tunis
74%
Emirates Dubaï
71%
EgyptAir Le Caire
71%
EasyJet,SWISS, TAP Lisbonne
71%
Norwegian,SAS Oslo
71%
Austrian Airlines Vienne
71%
Finnair Helsinki
68%
Turkish Airlines Istanbul - IST
68%
AJet,Pegasus Airlines Istanbul - SAW
68%
EasyJet,Ethiopian Airlines, Jet 2, Tui Airways Manchester
68%
Air Canada Montréal
68%
EasyJet,SAS, SWISS Stockholm
68%
Aer Lingus,SWISS, TUI Airways Dublin
65%
EasyJet,Jet 2 Edimbourg
65%
Air Dolomiti,Lufthansa, SWISS Francfort
65%
Air Dolomiti,Lufthansa, SWISS Munich
65%
EasyJet Naples
65%
EasyJet,SWISS, TAP Porto
65%
EasyJet,KLM Amsterdam
62%
Aegean,EasyJet, SWISS Athènes
62%
EasyJet,SWISS Marrakech
62%
Air China Pékin
62%
LOT Varsovie
62%
Saudia Riyad
59%
EasyJet Lille
56%
EasyJet Nantes
56%
EasyJet Rabat
56%
EasyJet Toulouse
56%
EasyJet Budapest
53%
Qatar Airways Doha
53%
SWISS Hambourg
53%
EasyJet Liverpool
53%
EasyJet Séville
53%
Easyjet Tirana
53%
Royal Air Maroc,Air Arabia Casablanca
50%
China Eastern Shanghai
50%
EasyJet,SWISS Valence
50%
AJet Ankara
47%
Air Serbia,EasyJet Belgrade
47%
EasyJet Palerme
47%
Air Baltic Riga
47%
EasyJet,Eurowings Prague
44%
EasyJet Rennes
44%
Air Baltic Tallinn
44%
United Washington
44%
Luxair Luxembourg
41%
EasyJet,SWISS Pristina
41%
EasyJet,El Al Tel Aviv
41%
Ethiopian Airlines Addis Abeba
38%
EasyJet,Jet 2 Birmingham
38%
EasyJet,Jet 2 Glasgow
38%
Kuwait Airways Koweït
38%
EasyJet,SWISS Malaga
38%
Transavia Rotterdam
38%
EasyJet Venise
38%
Royal Jordanian Amman
35%
Pegasus Airlines,SunExpress Antalya
35%
EasyJet Bilbao
35%
EasyJet Cracovie
35%
Eurowings Düsseldorf
35%
Etihad Airways Abu Dhabi
32%
MEA Beyrouth
32%
Saudia Djeddah
32%
EasyJet,Jet 2 Leeds Bradford
29%
EasyJet,Jet 2, TUI Airways Newcastle
29%
EasyJet Palma de Majorque
29%
EasyJet Catane
26%
SunExpress Izmir
26%
EasyJet Las Palmas
24%
EasyJet Malte
24%
Air Mauritius Maurice
24%
EasyJet Ténérife
24%
SAS,SWISS Goteborg
21%
EasyJet Skopje
21%
EasyJet Alicante
18%
EasyJet,Jet 2, TUI Airways Bristol
18%
Aer Lingus Cork
18%
EasyJet Djerba
18%
EasyJet Faro
18%
EasyJet Agadir
15%
EasyJet,SWISS Hurghada
15%
EasyJet Brindisi
12%
EasyJet La Corogne
12%
EasyJet Saint-Jacques-de-Compostelle
12%
EasyJet Southampton
12%
EasyJet,Norwegian Tromso
12%
EasyJet Funchal
9%
EasyJet Tbilissi
9%
EasyJet Aberdeen
3%
EasyJet Arrecife
3%
EasyJet Bournemouth
3%
EasyJet Fuerteventura
3%
SWISS Kittila
3%
EasyJet Sharm-El-Sheikh
3%
EasyJet,Norwegian, SAS, SWISS Copenghague
0%
Jet 2 East Midlands
0%
EasyJet Enfidha
0%
EasyJet Gizeh
0%
EasyJet Marsa Alam
0%
Aucun quiz correspondant
Distribution des résultats
% des personnes avec chaque résultat
Percentile par nombre de réponses
Votre historique - résultats
Vous n’avez pas pris ce quiz